000 00755nam a2200205 i 4500
001 184887
003 ES-MaACL
005 20230906222311.0
008 160216s1920 sp |||| | spa d
100 1 _aAbout, Edmond,
_d1828-1885
_918117
245 1 0 _aCasamientos parisienses /
_cEdmundo About ; la traducción del francés ha sido hecha por Pablo Perales.
260 _aMadrid :
_bCalpe,
_c1920.
300 _a100 p. ;
_c15 cm.
490 1 _aColección universal
505 8 _aContiene: Tomo I: Los mellizos del hotel de Corneille -- Tío y sobrino
700 0 _aPerales, Pablo.
_990360
830 0 _aColección universal
_9181688
852 _aES-MaACL
_jD-2308(1)
_z.- Enc. con otros títulos de la Colección Universal
999 _c184887
_d184887